[Event "FRA-ch Pool B"]
[Site "Marseille"]
[Date "2001.08.19"]
[Round "7"]
[White "Nataf, Igor Alexandre"]
[Black "Apicella, Manuel"]
[Result "1-0"]
[WhiteElo "2527"]
[BlackElo "2524"]
[Annotator "Finkel,A"]
[PlyCount "79"]
[EventDate "2001.08.13"]
[EventType "tourn"]
[EventRounds "7"]
[EventCountry "FRA"]
[EventCategory "13"]
[SourceTitle "CBM 085"]
[Source "ChessBase"]
[SourceDate "2001.11.13"]
[SourceVersion "1"]
[SourceVersionDate "2001.11.13"]
[SourceQuality "1"]

1. e4 e6 2. d4 d5 3. Nc3 Bb4 4. Nge2 {Quiet rare variationn considered by
teory as promising nothing to white, however in this game black didn't manage
to equalize after the opening.} dxe4 5. a3 Bxc3+ (5... Be7) 6. Nxc3 Nc6 7. Bb5
Nge7 8. Bg5 f6 9. Be3 f5 (9... O-O 10. Qd2 e5 (10... a6 11. Bxc6 Nxc6 12. Nxe4
e5 $11 {Gipslis,A-Casper,T/Jurmala 1987}) 11. d5 (11. dxe5 Qxd2+ 12. Bxd2 f5
13. Bc4+ Kh8 14. Nb5 Nxe5 15. Nxc7 $13 {Gipslis,A-Toshkov,T/Jurmala 1987})
11... Nd4 12. Bc4 Kh8 13. Bxd4 exd4 14. Nxe4 Nxd5 15. O-O-O Bg4 16. f3 Ne3 17.
Qxe3 dxe3 18. Rxd8 Raxd8 $13 {Zetocha,C-Barbulescu,D/ROM-chT 1993}) 10. Qh5+ $5
{Another promising option was 11.f3} (10. f3 exf3 11. Qxf3 O-O 12. O-O-O Nd5
13. Nxd5 Qxd5 14. Qxd5 exd5 15. Bf4 $44 {Westerinen,H-Djurhuus,R/Oslo 1988}) (
10. Qd2 a6 11. Bxc6+ Nxc6 12. O-O-O Ne7 13. f3 exf3 14. gxf3 O-O 15. Rhg1 Kh8 (
15... Rf7 16. Bg5 Qd7 17. Kb1 b5 18. Bxe7 Rxe7 19. Qe3 Bb7 20. Ne2 Rd8 21. Nf4
Bd5 22. Nd3 $44 {Giblin,W-Holland,C/London op 1994}) 16. h4 Qe8 17. h5 Qxh5 18.
Rh1 Qf7 19. Qh2 g6 20. Bh6 $40 {Pyhala,A-Vihinen,T/Espoo op 1996}) 10... g6 11.
Qh6 Kf7 12. O-O-O Nd5 (12... Ng8 $6 13. Qf4 Nce7 14. Nxe4 Nd5 15. Ng5+ Kg7 16.
Qe5+ Ngf6 17. Bd2 $16 {Cordovil,J-Vega Holm,F/6th Young Masters 1998}) 13. Nxd5
exd5 (13... Qxd5 14. c4 Qd6 15. Bf4 Qf8 16. Qxf8+ Rxf8 17. Bxc7 $14) 14. Bf4 {
[%cal Gb5c6,Gf4e5] Weakness of the black squares in black's camp fully
compensates white for the lack of the pawn.} Qf8 $8 (14... Bd7 $2 15. Bxc6 Bxc6
16. Be5 Qf8 17. Qh3 $16) 15. Qh4 Qe7 16. Qg3 Be6 17. h4 h5 (17... Rac8 18. h5
$36) 18. Bxc7 Rhc8 19. Bd6 Qd8 20. Kb1 (20. Bxc6 $5) 20... a6 (20... Ne7 $5 {
[%csl Rb5]} 21. Be2 Rc6 22. Be5 Rac8 23. Rd2 Ng8 $14) 21. Bxc6 Rxc6 22. Be5
Rac8 23. Rd2 b5 24. Qf4 a5 25. Rh3 b4 26. Rg3 Bd7 (26... bxa3 $5 27. Qh6 a2+
28. Kxa2 Qg8 29. Kb1 $36 {[%cal Gf2f3,Gf3e4]}) 27. a4 Rc3 $5 {Finding very
interesting defensive resourse!} (27... Re6) 28. Qh6 $1 {Of course not} (28.
bxc3 $2 bxc3 29. Re2 Qb6+ 30. Kc1 Qb2+ 31. Kd1 Rc4 $1 {[%cal Gc4a4,Ga4a1]} 32.
Qg5 Qa1+ 33. Qc1 Rxa4 34. Bf4 Qb2 $1 $17 {and black has an advantage.}) 28...
Rxg3 $8 (28... Qg8 29. bxc3 bxc3 30. Re2 $18) 29. Qg7+ Ke6 30. fxg3 Be8 (30...
Qg8 $2 31. Qf6#) 31. g4 $1 Qxh4 $2 {Decisive mistake! After correct} (31...
hxg4 32. h5 $1 Qe7 $1 (32... gxh5 33. Qh6+ Kf7 34. Rf2 $40) 33. Qxe7+ Kxe7 34.
h6 {[%cal Gh6h8]} Bxa4 35. g3 (35. h7 e3 36. Re2 f4 37. h8=Q Rxh8 38. Bxh8 Ke6
$44 {[%cal Ge6f5,Gf5e4]} 39. g3 $6 g5 40. Be5 $2 f3 $19) 35... g5 36. h7 f4 37.
gxf4 gxf4 38. Bxf4 Rh8 39. Rh2 Kf7 40. Be5 g3 $1 $11 {black could hold a draw})
32. gxf5+ gxf5 33. Qh6+ Kf7 34. Qg7+ Ke6 35. Qh6+ Kf7 36. Rf2 $1 $18 {Now it's
ll over} Bd7 (36... Qxf2 37. Qf6+ Kg8 38. Qg7#) 37. Qg7+ Ke6 (37... Ke8 38. Bf6
$18) 38. Qg6+ Ke7 39. Qd6+ Ke8 40. Bf6 1-0

[Event "Pulvermuehle 2nd"]
[Site "Pulvermuehle"]
[Date "2004.02.24"]
[Round "7"]
[White "Hector, Jonny"]
[Black "Conquest, Stuart"]
[Result "1/2-1/2"]
[WhiteElo "2518"]
[BlackElo "2543"]
[Annotator "Finkel,A"]
[PlyCount "126"]
[EventDate "2004.02.19"]
[EventType "tourn"]
[EventRounds "11"]
[EventCountry "GER"]
[EventCategory "11"]
[SourceTitle "CBM 100"]
[Source "ChessBase"]
[SourceDate "2004.06.01"]
[SourceVersion "1"]
[SourceVersionDate "2004.06.01"]
[SourceQuality "1"]

1. e4 e6 2. d4 d5 3. Nc3 Bb4 4. Nge2 Nc6 5. a3 Ba5 6. e5 Nge7 (6... f6 7. f4 (
7. Nf4 g6 (7... fxe5 8. Qh5+ g6 9. Nxg6 Nf6 10. Qh4 Rg8 (10... exd4 11. Nxh8
Ke7 12. b4 dxc3 13. bxa5 Qxh8 14. Bg5 e5 15. O-O-O $16 {Gaponenko,I-Dittmar,P/
Schwaebisch Gmuend 2003}) 11. Nxe5 Nxe5 12. dxe5 Ne4 13. Qxh7 Rf8 14. Bd3 Qd7
15. Bxe4 dxe4 16. Qxe4 $18 {Gaponenko,I-Ionescu,D/Trier 2002}) 8. Bb5 fxe5 9.
Bxc6+ bxc6 10. dxe5 c5 11. O-O Ne7 12. Qg4 Nf5 13. Nd3 Bb6 14. Bg5 Qd7 $13)
7... Nh6 8. Be3 O-O (8... Bd7 9. Qd2 Qe7 10. Ng1 Ng4 11. Nf3 fxe5 12. fxe5 Nxe3
13. Qxe3 Bxc3+ 14. Qxc3 O-O 15. Rd1 $14 {Kulaots,K-Fischer,S/Deizisau 2000}) 9.
Qd2 Bd7 10. h3 Nf5 11. Bf2 fxe5 12. dxe5 Bb6 13. Bxb6 axb6 14. O-O-O $14 {
Van Mil,J-Welling,G/Eindhoven 1986}) (6... Bd7 7. Be3 Qe7 8. Qd2 f6 9. f4 O-O-O
10. b4 Bb6 11. Na4 Nh6 12. Ng3 Ng4 13. c3 $36 {Felsberger,A-Roth,P/Austria 1987
}) (6... Bb6 7. Na4 Nge7 8. Nxb6 axb6 9. g3 O-O 10. Bg2 f6 11. exf6 Rxf6 12.
O-O $14 {Le Roux,J-Gervasio,R/Guingamp 2003}) 7. b4 (7. Ng3 O-O 8. Be2 Bb6 9.
Be3 Nf5 10. Nxf5 exf5 11. Na4 f6 12. Nxb6 axb6 13. f4 $14 {Schramm,
B-Kindermann,S/Dresden 1999}) 7... Bb6 8. Na4 O-O 9. b5 {The Swedish
grandmaster has already faced this rare line a couple of months ago, so he
seems to be prepared. This move is most definitly better than the useless 9.
Rb1?!, which was played against Berg.} (9. Rb1 $6 Nf5 10. Nxb6 axb6 11. b5 Na5
12. Ng3 c5 $132 {Hector,J-Berg,E/Gothenburg 2004}) (9. c3 f6 10. exf6 gxf6 11.
Ng3 e5 12. Be2 Nf5 13. O-O Nxg3 14. hxg3 Bf5 15. Be3 Qd7 $13 {Ekstroem,
R-Berezovsky,I/Graechen 1999}) 9... Na5 10. Ng3 Nf5 11. Nxb6 cxb6 12. Bd3 f6 (
12... Nxd4 13. Qg4 Nf5 14. Nh5 Qc7 15. Bb2 f6 16. Nxf6+ Kh8 17. Qb4 $14) 13.
Nxf5 exf5 14. O-O (14. Bf4 Nc4 15. O-O fxe5 16. Bxe5 Nxe5 17. dxe5 Qc7 18. Re1
Be6 $13) 14... fxe5 15. dxe5 Be6 16. Bb2 $1 Rc8 $6 {Black doesn't feel the
danger. It was necessary to push d4 with unclear position.} (16... d4 $5 17.
Qf3 Rc8 18. Qf4 Nc4 19. Qxd4 (19. Bxd4 $2 g5 $19) 19... Qxd4 20. Bxd4 Rfd8 21.
c3 Nxe5 $11) 17. Bd4 $1 $14 {Now white has a very comfortable advantage.} Nc4
18. f4 Qd7 19. a4 Rc7 20. Qe2 Qc8 21. h3 Kh8 22. Kh2 (22. Kh1 $5) 22... Qe8 23.
Rf2 Qc8 24. Rg1 Rcf7 25. Qh5 $1 $16 {Everything is set up for the g4 break.}
Rg8 26. g4 g6 27. Qh4 Qf8 28. gxf5 gxf5 29. Rxg8+ (29. Rfg2 $5 Rxg2+ 30. Rxg2
Rg7 31. Rxg7 Kxg7 32. Qg5+ Kh8 33. Bc3 $16) 29... Kxg8 {[%csl Gg8]} 30. Rg2+
Rg7 31. Rxg7+ Qxg7 32. Qd8+ Qf8 33. Qg5+ Kh8 (33... Qg7 34. Bxf5 Bxf5 35. Qxf5
Nd2 36. Qc8+ $18) 34. Bc3 Qf7 35. Bb4 $6 {Thus far white's play was just about
perfect, but at this point he appears to lose a thread of the game and lets
black to escape.} (35. Qd8+ $1 Kg7 36. Qb8 Qe7 37. Bxc4 Qc5 (37... dxc4 38.
Qxa7 Qc7 39. Bd4 Bd5 40. Bxb6 $18) 38. Bd3 Qxc3 39. Qxb7+ Kg6 40. Qe7 Qd2+ 41.
Kg3 Qe1+ 42. Kf3 Qh1+ 43. Ke2 Qg2+ 44. Kd1 Qg1+ 45. Kd2 Qf2+ 46. Kc3 $18) 35...
Ne3 36. Qd8+ (36. Be7 Qg6 37. Qxg6 hxg6 38. Bd6 Nc4 39. Bb8 Nb2 40. Bxa7 Nxa4
41. Bb8 $16) 36... Qg8 37. Qxg8+ Kxg8 38. Bc3 (38. Bd6 d4 39. Bb8 a5 40. Ba7
Nd5 41. Kg3 $16) 38... Nc4 39. Kg3 Kf7 40. Kh4 h6 41. Kg3 Bd7 $14 42. Kf2 a6
43. Bd4 Kg6 44. Be2 axb5 45. axb5 Na3 46. Bxb6 (46. Bf3 Nxc2 47. Bxb6 Bxb5 48.
Bxd5 Bc6 49. Bb3 Nb4 $11) 46... Bxb5 47. Bf3 Bc6 48. c3 Nc4 49. Bc5 $6 (49. Bd4
) 49... Nd2 $11 50. Bd4 Nxf3 51. Kxf3 Kf7 52. Ke3 Bb5 53. Bb6 Bf1 54. h4 h5 55.
Kd4 Ke6 56. Kc5 Be2 57. Ba7 Bf3 58. Kb6 Kd7 59. Bb8 Ke6 60. Bd6 Be4 61. Bc5 Bf3
62. Bd4 Bd1 63. Kxb7 Ba4 1/2-1/2

[Event "RUS Cup final 6th"]
[Site "Nefteyugansk"]
[Date "2002.10.11"]
[Round "7"]
[White "Kazakov, Peter"]
[Black "Popov, Valerij"]
[Result "1/2-1/2"]
[WhiteElo "2424"]
[BlackElo "2568"]
[Annotator "Finkel,A"]
[PlyCount "92"]
[EventDate "2002.10.06"]
[EventType "tourn"]
[EventRounds "11"]
[EventCountry "RUS"]
[EventCategory "11"]
[SourceTitle "CBM 092"]
[Source "ChessBase"]
[SourceDate "2003.02.06"]
[SourceVersion "1"]
[SourceVersionDate "2003.02.06"]
[SourceQuality "1"]

1. e4 e6 2. d4 d5 3. Nc3 Bb4 4. Nge2 Nf6 $5 {Quite rare move. Usually black
prefers to take on e4.} 5. e5 Nfd7 6. a3 Be7 7. f4 c5 (7... g6 8. g4 h5 9. f5
hxg4 10. fxg6 fxg6 11. Ng3 c5 12. Qxg4 Nf8 13. Bb5+ Bd7 $13 {Ligterink,G-Bohm,
H/Hilversum 1983}) 8. Be3 (8. dxc5 Bxc5 9. b4 Be7 10. Be3 Nc6 11. Nd4 a5 12. b5
Nxd4 13. Bxd4 Nb6 14. Bd3 Qc7 15. O-O $14 {Sahovic,D-Raicevic,V/Zagreb 1977})
8... Nc6 9. g3 $5 {It seems to be very logical to opt for a set-up with
kingside castle.} (9. dxc5 Nxc5 10. Nd4 O-O (10... a6 11. Be2 Nxd4 12. Bxd4 g6
13. O-O Bd7 14. Qd2 $14 {Collins,D-Radziewicz,I/Szombathely 1993}) 11. Be2 Bd7
(11... a6 12. O-O Nxd4 13. Bxd4 b5 14. Qd2 Bb7 15. Qe3 Rc8 16. Bd3 Qc7 17. Rf2
$14 {Hodgson,J-Rogers,I/Wijk aan Zee 1985}) 12. O-O Rc8 13. Qd2 a6 14. Rad1 Qc7
$132 {Epishin,V-Neverov,V/Minsk 1990}) (9. Qd2 a6 10. dxc5 (10. g3 b5 11. Bg2
Rb8 12. O-O b4 13. axb4 cxd4 14. Nxd4 {1/2-1/2 Quintero Torres,P-Palacios
Perez,M/Madrid 2000/EXT 2001 (14)}) 10... Bxc5 11. Nd4 Nxd4 12. Bxd4 Bxd4 13.
Qxd4 Qb6 14. Ne2 O-O 15. O-O-O $14 {Dolezal,C-Fabrega,E/Buenos Aires 1992})
9... O-O (9... Nb6 $5 10. b3 cxd4 11. Nxd4 Nxd4 12. Bxd4 Bd7 13. Bg2 Qc7 14.
O-O Bc5 $13) 10. Qd2 a6 11. Bg2 b5 12. O-O Bb7 13. dxc5 $5 Bxc5 (13... Nxc5 14.
Nd4 Nxd4 15. Bxd4 Rc8 16. Rad1 Qc7 17. f5 $14) 14. Bxc5 Nxc5 15. Nd4 Qb6 16.
Rad1 Rac8 17. Kh1 $5 Na4 $2 {Very bad move after which black is in troubles.} (
17... Nxd4 18. Qxd4 Nd7 19. Qd2 (19. Rf2 Qxd4 20. Rxd4 Nb6 $132 {[%cal Gb6c4]})
19... a5 $132) 18. Nxa4 bxa4 19. c3 $14 Nxd4 20. Qxd4 $1 {Offering to
transpose to an endgame.} Qb3 (20... Qxb2 21. Rb1 $18 {[%csl Rb7]}) 21. Rd2 Rc4
22. Qf2 Qb5 23. f5 exf5 $8 24. Qxf5 {[%cal Ge5e6]} Bc8 25. Qd3 Bb7 $6 (25...
Rd8 $1 26. Bxd5 $140 $2 Rxd5 27. Qxd5 Bb7 $19 {[%cal Gb7h1]}) 26. e6 $1 fxe6 (
26... Rc7 27. exf7+ Rcxf7 28. Rxf7 Rxf7 29. Qxb5 axb5 30. Bxd5 Bxd5+ 31. Rxd5
$18) 27. Rxf8+ Kxf8 28. Qxh7 $18 {[%csl Rf8][%cal Gd2f2]} Qb6 {[%csl Gf2]} (
28... Rc7 29. Qh8+ Ke7 (29... Kf7 30. Rf2+ $18) 30. Qxg7+ Kd6 31. Qf8+ $18) 29.
Rd1 $1 {[%cal Gd1f1]} Qxb2 $5 30. Rb1 Qxc3 31. Qh8+ Kf7 32. Rxb7+ Rc7 33. Qh5+
Kg8 34. Rb1 $1 (34. Rxc7 $4 Qe1+ 35. Bf1 Qxf1#) 34... Rc8 35. Rf1 Qe3 36. Qf7+
Kh7 37. h3 $6 (37. Bxd5 $1 exd5 38. Qf5+ Kh6 39. Qxc8 Qe4+ 40. Kg1 Qe3+ 41. Kg2
Qe4+ 42. Kh3 $18) 37... Rc3 38. Qh5+ Kg8 39. g4 (39. Qg6 Rxa3 40. Kh2 Ra2 41.
Rf4 $18 {[%csl Rg8]}) 39... Rc1 40. Qf7+ Kh7 41. Rxc1 Qxc1+ 42. Kh2 Qxa3 43.
Qxe6 Qb2 44. Qf5+ $6 (44. Kg3 $5 {[%cal Gg3h4,Gh4h5]}) 44... g6 45. Qd7+ $6 Kh6
46. Qxa4 $2 (46. Qxd5 $1 a3 47. Kg3 $1 a2 48. g5+ Kg7 (48... Kh5 49. Bf3#) 49.
Qd7+ Kh8 50. Qe8+ Kh7 51. Qf7+ Kh8 52. Qf8+ Kh7 53. Qh6+ Kg8 54. Bd5#) 46...
Qe5+ (46... Qe5+ 47. Kg1 Qe3+ (47... Qe1+ $2 48. Bf1 Qe3+ 49. Kh1 Qf3+ 50. Bg2
$18) 48. Kf1 Qd3+ $11) 1/2-1/2

[Event "Montreal 1st"]
[Site "Montreal"]
[Date "2000.08.06"]
[Round "4"]
[White "Miladinovic, Igor"]
[Black "Rozentalis, Eduardas"]
[Result "0-1"]
[WhiteElo "2563"]
[BlackElo "2570"]
[Annotator "Finkel,A"]
[PlyCount "98"]
[EventDate "2000.08.03"]
[EventType "tourn"]
[EventRounds "11"]
[EventCountry "CAN"]
[EventCategory "9"]
[SourceTitle "CBM 079"]
[Source "ChessBase"]
[SourceDate "2000.11.21"]
[SourceVersion "1"]
[SourceVersionDate "2000.11.21"]
[SourceQuality "1"]

1. d4 e6 2. e4 d5 3. Nc3 Bb4 4. Qg4 {Interesting continuation,however
promising white nothing special.} dxe4 (4... Nf6 5. Qxg7 Rg8 6. Qh6 Rg6 (6...
c5 7. e5 cxd4 8. a3 dxc3 9. axb4 cxb2 10. Bxb2 Qb6 11. O-O-O $14 {Ninov,
N-Dragiev,V/BUL-ch 1995}) (6... dxe4 7. Bg5 Nbd7 8. Nge2 c5 9. dxc5 Rg6 10. Qh4
h6 11. Bxh6 Bxc5 12. Bd2 $13 {Borchardt,A-Berg,E/Bank Pocztowy Open 2000}) 7.
Qe3 c5 8. Bd2 Nc6 9. Nge2 Ng4 10. Qd3 Qf6 $132 {Magem Badals,J-Jerez Perez,A/
ch-ESP 2000}) 5. Qxg7 Qf6 6. Qg3 (6. Bh6 $6 Nd7 7. Bb5 c6 8. Qxf6 Ngxf6 9. Bg7
Rg8 10. Bxf6 Nxf6 11. Bf1 Nd5 $17 {Blas,I-Pahor,M/SLO-chJ 1993}) (6. Qxf6 Nxf6
7. Nge2 b6 8. Bd2 Bb7 $2 9. Nxe4 Bxe4 10. Bxb4 Bxc2 11. Rc1 $16 {Slugin,
S-Svistunov,K/RUS-chT 1993}) 6... Nc6 7. Bb5 (7. Nge2 $5 Nxd4 $6 8. Nxd4 Qxd4
9. Bd2 (9. Qxc7 $5) 9... Bd6 10. Qh4 f5 11. O-O-O Qf6 12. Bg5 Qf7 13. Nb5 $1
$36) 7... Nge7 8. Nge2 Bd7 9. Bg5 (9. Qxc7 Nd5 10. Qg3 (10. Qxb7 $2 Rb8 11. Qa6
Nc7 $1 $17) 10... Nxd4 11. Bxd7+ Kxd7 12. Nxd4 Qxd4 13. Bd2 Rhg8 14. Qh3 Bxc3
15. Bxc3 Nxc3 16. bxc3 Qc4 $132) 9... Qf5 10. Bxe7 Bxe7 11. Qxc7 Rc8 12. Qf4 $5
({Another promissing continuation was} 12. Qxb7 $5 Rb8 13. Qa6 Rb6 14. Qa4 a6
15. Bxc6 Bxc6 16. Qc4 e3 17. fxe3 Qxc2 18. Rc1 $16 {and white seems to be in
the control.}) 12... Qxf4 13. Nxf4 a6 $1 $132 {The pair of bishops and
semy-open lines c and g for the rooks give black some hopes for the future.} (
13... Nxd4 $2 14. Bxd7+ Kxd7 15. O-O-O e5 16. Nfe2 $16) 14. Bxc6 (14. Ba4 b5
15. Bb3 Nxd4 $15) 14... Bxc6 15. Nd1 $5 (15. Ke2 Bf6 (15... Bg5 $6 16. Ke3 f6 {
[%cal Ge6e5]} 17. Nxe4 Bxe4 18. Kxe4 Bxf4 19. Kxf4 Rxc2 20. Rhc1 $1 $16) 16.
Ke3 e5 17. dxe5 Bxe5 18. Rad1 f5 19. Rhe1 Kf7 $132) 15... Bg5 16. Nh3 $6 {
[%csl Rh3] Knight is terribly placed on h3 so better was} (16. Ne2 f5 17. h4
Bf6 18. Ne3 $14) 16... Bf6 17. c3 e5 18. dxe5 Bxe5 19. Ne3 Bd7 $1 20. O-O-O Rg8
21. Rhe1 Be6 22. Nf1 $2 {Missing simple tactical blow after which white
remains without a pawn in the position with no real chanses to survive.} (22.
f4 $6 Bxh3 (22... exf3 23. Nd5 f6 $1 (23... Bh8 24. gxf3) 24. gxf3 (24. Nxf6+
$2 Bxf6 25. Rxe6+ Kf7 26. Re3 fxg2 27. Rg1 Rc5 $15))) (22. Kb1 $5 $13) 22...
Rxg2 23. Rxe4 Bxc3 $1 $17 24. Ng3 Bf6+ 25. Kb1 Rd8 $1 26. Rde1 (26. Rxd8+ Kxd8
27. Nf4 Rxh2 28. Nxe6+ fxe6 29. Rxe6 Rxf2 $19) 26... Rd2 27. R4e2 (27. Nf4
Rxb2+ 28. Kc1 Rgxf2 $19) 27... Rxe2 28. Rxe2 Kd7 29. Rd2+ Kc6 30. Nf4 Rg1+ 31.
Kc2 Bxa2 $19 32. Nd3 Bb1+ 33. Kb3 a5 $1 34. Ne4 Bg7 35. Nc3 b5 36. Nxb1 Rxb1
37. Kc2 (37. Rc2+ Kb6 38. Nc5 Rxb2+ 39. Rxb2 Bxb2 40. Nd7+ Kc7 $19) 37... Rh1
38. f4 a4 39. Ne5+ Bxe5 40. fxe5 b4 41. Rf2 Kc5 42. Rxf7 Rxh2+ 43. Kc1 Rh1+ 44.
Kc2 (44. Kd2 a3 $1 45. bxa3 bxa3 46. Ra7 a2 $19 {[%cal Gh2a2]}) 44... b3+ 45.
Kc3 Rh3+ 46. Kd2 Rh2+ 47. Kc3 Rc2+ 48. Kd3 Rxb2 49. Ra7 (49. e6 Kd6 50. e7 Kd7
51. Kc3 Rc2+ 52. Kd3 a3 $19) 49... Rg2 0-1

[Event "Asia-ch"]
[Site "Kolkata"]
[Date "2001.08.12"]
[Round "4"]
[White "Mallahi, Amir"]
[Black "Ravi, Lanka"]
[Result "0-1"]
[WhiteElo "2416"]
[BlackElo "2389"]
[Annotator "Hecht,H"]
[PlyCount "100"]
[EventDate "2001.08.09"]
[EventType "swiss"]
[EventRounds "11"]
[EventCountry "IND"]
[SourceTitle "CBM 085"]
[Source "ChessBase"]
[SourceDate "2001.11.13"]
[SourceVersion "1"]
[SourceVersionDate "2001.11.13"]
[SourceQuality "1"]

1. e4 e6 2. d4 d5 3. Nc3 Bb4 4. Bd3 dxe4 5. Bxe4 Nf6 6. Bd3 c5 7. dxc5 Nbd7 8.
Bd2 Nxc5 9. Bb5+ Bd7 10. Qe2 O-O 11. Nf3 Qc7 12. O-O Rfc8 13. Ne5 Bxc3 14. Bxc3
Bxb5 15. Qxb5 a6 16. Qb4 Nd5 17. Qd4 Nxc3 18. Qxc3 Na4 19. Qxc7 Rxc7 20. b3 Nc3
21. Rfe1 Rd8 22. Nf3 Rd6 23. Re3 f6 24. Kf1 Kf7 25. Rd3 Rxd3 26. cxd3 Nd5 27.
Ne1 e5 28. Ke2 Ke6 29. Kd2 Nf4 30. Rc1 Rxc1 31. Kxc1 Ne2+ 32. Kd2 Nd4 33. Nc2
Nxc2 34. Kxc2 {[#] Gewinnmotive: besserer König, Raumvorteil, weiße
Bauernschwäche d3} Kd5 35. Kc3 a5 36. a3 Kc5 37. Kc2 Kd4 38. Kd2 b5 39. Kc2 b4
40. axb4 axb4 41. Kd2 {Weiß muß das Einbruchsfeld c3 bewachen und den f-Bauern
tunlichst auf f2 belassen.} f5 $2 {Das ist der falsche Bauer.} ({Der richtige
Aufmarschplan lautet} 41... h5 $1 42. Kc2 (42. h4 g5 $1 43. g3 (43. hxg5 fxg5
44. f3 (44. g3 h4 $19 {entfernter Freibauer}) 44... h4 $22) 43... g4 44. Kc2 f5
45. Kd2 f4 $19) 42... h4 43. Kd2 f5 44. Kc2 g5 45. Kd2 g4 46. Kc2 (46. g3 hxg3
47. hxg3 f4 $19 (47... e4 48. dxe4 fxe4 49. Kc2 e3 $19)) 46... g3 47. fxg3 hxg3
48. hxg3 Ke3 $19) 42. Kc2 (42. h4 $1 g6 {Das Durchsetzen von g5 bringt nun
keine Zesplitterung der weißen Bauern} (42... f4 43. Kc2 e4 44. dxe4 Kxe4 45.
Kd2 f3 46. g3 $11) 43. Kc2 h6 44. Kd2 g5 45. hxg5 hxg5 46. Kc2 $11) 42... g6 $2
43. Kd2 $2 (43. h4 $1) 43... g5 $1 44. h3 h5 45. g3 h4 46. gxh4 gxh4 47. Kc2 e4
48. dxe4 Kxe4 49. Kd2 Kf3 50. Ke1 Kg2 0-1

[Event "Illkirch Graffenstaden op"]
[Site "Illkirch Graffenstaden"]
[Date "2004.07.11"]
[Round "4"]
[White "Solodovnichenko, Yuri"]
[Black "Marzolo, Cyril"]
[Result "0-1"]
[WhiteElo "2507"]
[BlackElo "2403"]
[Annotator "Kalinitschew,S"]
[PlyCount "68"]
[EventDate "2004.07.10"]
[EventType "swiss"]
[EventRounds "9"]
[EventCountry "FRA"]
[SourceTitle "EXT 2008"]
[Source "ChessBase"]
[SourceDate "2007.11.25"]
[SourceVersion "1"]
[SourceVersionDate "2007.11.25"]
[SourceQuality "1"]

1. e4 e6 2. d4 d5 3. Nc3 Bb4 4. Nge2 dxe4 5. a3 Bxc3+ 6. Nxc3 Nc6 7. Bb5 Nge7
8. Bg5 f6 9. Be3 O-O 10. Qd2 f5 (10... e5 11. d5 Nd4 12. Bc4 Kh8 13. O-O-O c5
14. Nxe4 b5 15. Ba2 Bf5 16. f3 Qb6 17. c3 Rfd8 18. Kb1 a5 19. cxd4 cxd4 20.
Bxd4 exd4 21. Qxd4 Qd6 22. Ka1 Bxe4 23. Qxe4 b4 24. Bb1 g6 25. Rhe1 Ng8 26. Qe6
Qc5 27. Qe3 Qd6 28. h4 Rab8 29. h5 bxa3 30. Qxa3 Rb4 31. hxg6 hxg6 32. Re4 f5
33. Re6 Qd7 34. Rh1+ Kg7 35. Ba2 Rc8 36. Qe3 Qc7 37. d6 Qc5 38. Re7+ {1-0
Pilnik,H-Rossetto,H/Buenos Aires 1941/}) 11. f3 (11. O-O-O Nd5) 11... exf3 12.
O-O-O $146 (12. gxf3) 12... e5 (12... fxg2 13. Rhg1 Ng6 (13... Rf7 14. Qxg2 $44
) 14. Bxc6 bxc6 15. Bg5 Qd6 16. Qxg2 f4 17. h4 f3 18. Qf2 $44) 13. Bc4+ Kh8 14.
d5 $2 (14. gxf3 f4 (14... exd4) 15. Bf2 Nxd4 16. Nb5 c5 17. Qe1 Nec6 (17... Ng6
18. h4) 18. c3 a6 19. cxd4 axb5 20. dxc5 Qa5 21. Qxa5 Rxa5 22. Bd5 b4 23. Bxc6
bxc6 24. axb4 Rb5 25. Rhe1 Rxb4 26. Rxe5 Rc4+ 27. Kd2 Bf5 28. Ke1 $11) 14...
Nd4 15. gxf3 (15. Bxd4 exd4 16. Qxd4 fxg2 17. Rhg1 f4 18. d6 $5 (18. Rxg2 Nf5
$19) 18... Nc6 (18... cxd6 19. Rxg2 Nf5 20. Qxf4 Nh4 21. Rxd6) (18... Qxd6 19.
Qe4 Qc5 20. Qxg2 (20. Qxf4 $2 Be6) 20... g6 21. Bb3 Nf5 $17) 19. Qd5 Qxd6 (
19... f3 $5 20. Nb5 (20. d7 $2 Qxd7 21. Qxd7 Bxd7 22. Rxd7 Ne5 $19) 20... Bh3)
20. Qxg2 Qh6 $17) 15... Nxf3 16. Qg2 e4 $19 17. h4 Ng6 18. Bg5 Qd6 19. Nb5 Qe5
20. Kb1 Bd7 21. Bc1 Bxb5 22. Bxb5 Rad8 23. Bc4 Nf4 24. Qf2 b6 25. h5 h6 26.
Rdg1 Nxd5 27. Rg6 f4 28. Ba2 Rfe8 29. Qe2 Nf6 30. Qc4 Qe7 31. Rf1 e3 32. Rg2
Nd2+ 33. Bxd2 exd2 34. Rd1 Qe1 (34... Qe1 {1-0 Solodovnichenko,Y-Marzolo,C/
Strasbourg op  2004/ EXT 2005 (35)}) 0-1

[Event "Groningen"]
[Site "Groningen"]
[Date "1990.??.??"]
[Round "?"]
[White "Arnason, Jon Loftur"]
[Black "Rogers, Ian"]
[Result "0-1"]
[WhiteElo "2540"]
[BlackElo "2535"]
[Annotator "Knaak,R"]
[PlyCount "52"]
[EventDate "1990.12.??"]
[EventType "tourn"]
[EventRounds "9"]
[EventCountry "NED"]
[EventCategory "13"]
[SourceTitle "CBM 021"]
[Source "ChessBase"]
[SourceDate "1991.04.01"]
[SourceVersion "1"]
[SourceVersionDate "1991.04.01"]
[SourceQuality "1"]

1. e4 e6 2. d4 d5 3. Nc3 Bb4 4. exd5 Qxd5 5. Nge2 $6 (5. Nf3) 5... Nc6 6. Bf4
Qd8 7. Qd3 Nf6 8. O-O-O O-O 9. h4 $6 e5 $1 10. dxe5 Qxd3 11. cxd3 Ng4 12. Bg3
Ngxe5 13. d4 Ng4 14. f3 $6 Ne3 15. Rd3 Nxf1 16. Rxf1 Re8 17. Bf4 b6 $1 18. Re3
Ba6 $19 19. Rd1 Rxe3 20. Bxe3 Re8 21. Kd2 Na5 22. b3 Bxe2 23. Kxe2 Bxc3 24. Kd3
Bb4 25. Bf4 c6 26. Rc1 f6 0-1